Statistics for Countries With The Most Arable Land Per Capita

Click here to take the quiz!

General Stats

  • This quiz has been taken 24 times
  • The average score is 9 of 15

Answer Stats

Hectares Per PersonCountry% Correct
0.51United States
92%
0.93Argentina
88%
2.14Australia
88%
0.85Russia
88%
1.25Canada
83%
0.71Ukraine
79%
1.45Kazakhstan
75%
0.58Belarus
67%
0.53Uruguay
63%
0.59Paraguay
54%
0.51Moldova
42%
0.56Latvia
38%
0.72Lithuania
33%
0.53Guyana
21%
0.91Niger
21%

Score Distribution

Percentile by Number Answered

Percent of People with Each Score

Your Score History

You have not taken this quiz